000
00326nam a22001337a 4500
008
170522b xxu||||| |||| 00| 0 eng d
020
_a
9780673537669
041
_a
eng
080
_a
94(7/8)
100
_a
16
101
_a
SHH
245
_a
DISCOVERING AMERICAN HISTORY THROUGH MAPS AND VIEWS
_c
DANZER, G.A
942
_2
udc
_c
BK
999
_c
13656
_d
13656